00922nam a22002057a 4500003000400000005001700004008004000021040001000061050002200071110004900093245020200142260007500344300002300419650003300442700004200475700003400517942001300551999001500564952013700579OSt20150124113257.0131128b mx||||| |||| 00| 0 spa d cUMSNH aJL1224 bS63 19902 aSociedad Mexicana de Geografia y Estadistica10aHomenaje a la obra del Lic. Carlos Galvez Betancourt :bTiempos de cambios / cParticipantes Irene Alicia Suarez Sarabia ... [et al.] ; moderador Manuel Ramirez Reyes ; coord. Luis Bolland Carrere. aMorelia. Mich., México : bImpresora publicitaria y editorial,c1990 a112 p. ; c28 cm.  4aCiencia políticazMéxico1 aSuarez Sarabia, Irene Alicia, epart.1 aRamirez Reyes, Manuel, emod. 2lcccLIB c2829d2829 00102lcc4070aHEM-021bHEM-021cGENERALd2013-11-28f1iToJL1224 S63 1990phpu000000936r2013-11-28 00:00:00t1w2013-11-28yLIB